When marnie was there - Statistics

General Stats
  • This quiz has been taken 11 times
  • The average score is 6 of 11
Answer Stats
Hint Answer % Correct
What is the age of Anna? 12
100%
When was the movie released? 2014
80%
Who was Marnie? Anna's grandmother
70%
Do you like this quiz? Yes
70%
Who is Anna's real mom? Emily
60%
What was the saddest part? Flashback on Marnie
60%
Who is Hisako? Marnie's friend
50%
What was the scariest part? Silo
50%
Who is Anna's grandfather? Kazuhiko
30%
Who is Anna's foster mother? Yoriko
20%
Where does Anna go? Kushiro
10%
No matching quizzes found
Score Distribution
Percent of People with Each Score
Percentile by Number Answered
Your Score History
You have not taken this quiz